000 00495nam a2200181Ia 4500
008 090124s9999 xx 000 0 und d
082 _b114897
100 _aकर्णिक मधु मंगेश
245 _a केवडा
250 _a1
260 _c1972
300 _a174
600 _aकर्णिक मधु मंगेश
630 _a केवडा
700 _aकर्णिक मधु मंगेश
730 _a केवडा
942 _cBOOK
999 _c160988
_d160988